| 000 -LEADER |
| fixed length control field |
00432nam a22000977a 4500 |
| 008 - FIXED-LENGTH DATA ELEMENTS--GENERAL INFORMATION |
| fixed length control field |
200831b ||||| |||| 00| 0 eng d |
| 100 ## - MAIN ENTRY--AUTHOR'S NAME |
| Author's Name |
Francon, Robert |
| 245 ## - TITLE STATEMENT |
| Title |
Ceres Varietes Marianne |
| 260 ## - PUBLICATION, DISTRIBUTION, ETC. (IMPRINT) |
| Place of publication, distribution, etc. |
Paris |
| Name of publisher, distributor, etc. |
Ceres |
| Date of publication, distribution, etc. |
1989 |
| 650 ## - TOPICAL TERM (Tag) |
| Topical term or geographic name |
France | 20th Century | Marianne Issues | Errors and Varieties Definitive Issues | Commemorative Issues | Overprints and Surcharges | Production | Essays and Proofs | Air Mail | Catalogs and Price Lists |